000 00677nam a22001937a 4500
003 NUST
005 20240709120151.0
008 190326b ||||| |||| 00| 0 eng d
038 _aASAB
082 _a200
100 _aHira Iftikhar
_916470
245 _aFunctional analysis of mitogen activated protein kinase superfamily in solanaceae/
_cHira Iftikhar
260 _aIslamabad.
_b Atta ur Rahman School of Applied Biosciences ASAB.
_c2018.
300 _a289 p. ;
_bill;
_c30,cm.
610 _xPhD-Industrial Biotechnology
_9124239
700 _aSupervisor;Dr. Nasar-um-Minullah
_9124240
856 _uhttp://10.250.8.41:8080/xmlui/handle/123456789/23866
942 _2ddc
_cSC
999 _c523504
_d523504